00443nam a2200121Ia 4500008004100000245005500041245003800096260000900134650003800143856004800181999001900229952007300248171204s9999 xx 000 0 und d aSavannah to Sea: Fine cuisine under an African sky cFine cuisine under an African sky c2014 xCulinary Arts & Sciences with Lab uhttp://down.ebook777.com/034/B00MWYS22K.pdf c346632d346632 001040aCLbCLd2017-12-04l0r2017-12-04 00:00:00w2017-12-04yCBE